MLB: All Decade Teams-2010s - Statistics

General Stats
  • This quiz has been taken 526 times
  • The average score is 9 of 15
Answer Stats
Position Player % Correct
Outfield Mike Trout
91%
Catcher Buster Posey
85%
Starting Pitcher Clayton Kershaw
83%
Starting Pitcher Justin Verlander
83%
Starting Pitcher Max Scherzer
78%
DH/Utility Miguel Cabrera
63%
Outfield Mookie Betts
60%
Relief Pitcher Craig Kimbrel
48%
First Base Joey Votto
45%
Second Base Robinson Cano
43%
Starting Pitcher Chris Sale
40%
Shortstop Francisco Lindor
40%
Third Base Adrian Beltre
38%
Starting Pitcher Madison Bumgarner
37%
Outfield Andrew McCutchen
35%
No matching quizzes found
Score Distribution
Percent of People with Each Score
Percentile by Number Answered
Your Score History
You have not taken this quiz